Report of the Taxation Inquiry Commission (Record no. 489369)

000 -LEADER
fixed length control field 00395cam a22001337a 4500
008 - FIXED-LENGTH DATA ELEMENTS--GENERAL INFORMATION
fixed length control field 180718b1968 xxu||||| |||| 00| 0 eng d
082 ## - DEWEY DECIMAL CLASSIFICATION NUMBER
Classification number L2x548 C337
100 ## - MAIN ENTRY--PERSONAL NAME
Personal name Ceylon. Taxation Inquiry Commission
245 ## - TITLE STATEMENT
Title Report of the Taxation Inquiry Commission
260 ## - PUBLICATION, DISTRIBUTION, ETC.
Place of publication, distribution, etc. Colombo
Name of publisher, distributor, etc. The author
Date of publication, distribution, etc. 1968
300 ## - PHYSICAL DESCRIPTION
Extent 245+p.
500 ## - GENERAL NOTE
General note Chairman: A.G. Ranasinha
700 ## - ADDED ENTRY--PERSONAL NAME
Personal name Ranasinha, A.G., Chairman
Holdings
Withdrawn status Lost status Damaged status Not for loan Permanent Location Current Location Date acquired Full call number Barcode Date last seen Price effective from Koha item type
        Indian Institute of Public Administration Indian Institute of Public Administration 2018-08-04 L2x548 C337 GG8380 2018-08-04 2018-08-04 GG

Powered by Koha